01828cam a22002295i 45000010009000000050017000090080041000260100017000670200030000840200027001140350013001410400023001540410012001770420008001891000032001972450091002292500018003202640051003383000014003895201175004036500020015782378873820250916083043.0240719s2024 mau 000 0 eng  a 2024942837 a9781035316335q(hardback) z9781035316328q(ebook) a23788738 aDLCbengerdacDLC aEnglish apcc aCheffins, Brian R,eauthor.10aAdvanced Introduction to Corporate Governance Law and Regulation c/ Brian R Cheffins. aFirst edition 1aNorthampton :bEdward Elgar Publishing,c2024. a282 pages aAdvanced Introduction to Corporate Governance Law and Regulation provides a key overview of the facets of corporate law essential to the governance of publicly traded companies. Brian R. Cheffins deploys a robust theoretical and multijurisdictional framework to analyse the elements of corporate law crucial for governance, offering incisive insights into both corporate law and corporate governance. Chapters use an influential ‘contractarian’ approach to corporate law to explain the operation of public companies and consider company governance codes and systems; the role of the board and shareholders; and executive pay. Key Features: ● Offers multijurisdictional perspectives on corporate governance law. ● Scrutinises the legal aspects of crucial corporate governance topics. ● Employs a robust theoretical approach, building upon ‘contractarian’ analysis. This authoritative Advanced Introduction will be a vital read for legal scholars and students of corporate governance and corporate law. It is also beneficial for professionals interested in further understanding the legal aspects of governance of public companies.cProvided by publisher. 0aCorporation law